A Swarm of Ants - Statistics

General Stats
  • This quiz has been taken 1,200 times
  • The average score is 10 of 20
Answers on the Grid
Answers color-coded by a green-red scale on the quiz's grid according to % correct below.
SERGE
ME
WON
PAGE
ELOPE
WING
HEM
VIGILE
PLAIN
FAIL
WED
IMPORT
COMBAT
CON
SHY
ACID
PRY
ERR
BAM
FOND
RUDE
DAY
CHART
CENT
COY
EACH
PACE
VAIN
RABID
CRUST
 
Answer Stats
Answer % Correct
IMPORTANT IMPORT
77%
COMBATANT COMBAT
75%
ERRANT ERR
71%
FONDANT FOND
69%
SERGEANT SERGE
69%
VIGILANTE VIGILE
61%
PAGEANT PAGE
59%
ANTELOPE ELOPE
55%
ANTACID ACID
50%
MEANT ME
47%
ANTHEM HEM
45%
PLANTAIN PLAIN
45%
PANTRY PRY
43%
SHANTY SHY
40%
WANTED WED
40%
CANTON CON
38%
WANTING WING
37%
WANTON WON
37%
BANTAM BAM
30%
FANTAIL FAIL
21%
No matching quizzes found
Score Distribution
Percent of People with Each Score
Percentile by Number Answered
Your Score History
You have not taken this quiz